[Event "España ch sub-18 2007"]
[Site "Granada ESP"]
[Date "2007.08.02"]
[Round "7.13"]
[White "Aguado Solana, Juan"]
[Black "Robles Garcia, Claudia"]
[Result "1/2-1/2"]
[WhiteElo "1995"]
[BlackElo "2167"]
[PlyCount "51"]
[EventDate "2007.07.29"]
[EventType "swiss"]
[EventRounds "9"]
[EventCountry "ESP"]
[Source "lmi"]
[SourceDate "2007.07.29"]

1. d4 Nf6 2. Bg5 Ne4 3. Bf4 c5 4. f3 Qa5+ 5. c3 Nf6 6. Nd2 cxd4 7. Nb3 Qb6 8.
Qxd4 Nc6 9. Qxb6 axb6 10. Nd4 Nd5 11. Bd2 Nc7 12. e4 e5 13. Nb5 Nxb5 14. Bxb5
Kd8 15. Nh3 f6 16. Nf2 d6 17. Nd1 Be6 18. a4 d5 19. exd5 Bxd5 20. Ne3 Be6 21.
O-O Kc7 22. Bc4 Bxc4 23. Nxc4 Bc5+ 24. Kh1 Na5 25. Nxa5 bxa5 26. Rad1 1/2-1/2

[Event "España ch sub-18 2007"]
[Site "Granada ESP"]
[Date "2007.08.02"]
[Round "7.20"]
[White "Senlle Caride, Miguel"]
[Black "Gallardo De La Torre, Yasmina"]
[Result "1-0"]
[WhiteElo "2179"]
[BlackElo "1975"]
[PlyCount "41"]
[EventDate "2007.07.29"]
[EventType "swiss"]
[EventRounds "9"]
[EventCountry "ESP"]
[Source "lmi"]
[SourceDate "2007.07.29"]

1. g3 e5 2. Bg2 d5 3. d4 e4 4. c4 c6 5. Nc3 Bb4 6. cxd5 cxd5 7. Nh3 Bxh3 8.
Bxh3 Ne7 9. Bd2 Bxc3 10. bxc3 O-O 11. O-O Nbc6 12. Rb1 b6 13. f3 f5 14. fxe4
fxe4 15. Rxf8+ Qxf8 16. Qb3 Qf6 17. Rf1 Qg6 18. Bf4 Kh8 19. e3 Na5 20. Qa3 Nec6
21. Bb8 1-0

[Event "España ch sub-18 2007"]
[Site "Granada ESP"]
[Date "2007.08.02"]
[Round "7.25"]
[White "Sanchez Ibern, Eric"]
[Black "Torres Tellez, Jonathan"]
[Result "1-0"]
[WhiteElo "1976"]
[BlackElo "2084"]
[PlyCount "41"]
[EventDate "2007.07.29"]
[EventType "swiss"]
[EventRounds "9"]
[EventCountry "ESP"]
[Source "lmi"]
[SourceDate "2007.07.29"]

1. e4 e5 2. Nc3 Bc5 3. g3 Nc6 4. Bg2 d6 5. Na4 Bb6 6. Nxb6 axb6 7. Ne2 Nge7 8.
d4 exd4 9. Nxd4 O-O 10. O-O Nxd4 11. Qxd4 Nc6 12. Qc3 Be6 13. h4 d5 14. exd5
Bxd5 15. Rd1 Ne7 16. Bxd5 Nxd5 17. Qb3 Re8 18. Rxd5 Re1+ 19. Kh2 Qf6 20. Kg2
Rae8 21. Bg5 1-0

[Event "España ch sub-18 2007"]
[Site "Granada ESP"]
[Date "2007.08.02"]
[Round "7.24"]
[White "Jordan Martinez, David"]
[Black "Rodriguez Perez, Angel Mariano"]
[Result "1/2-1/2"]
[WhiteElo "2104"]
[BlackElo "1929"]
[PlyCount "69"]
[EventDate "2007.07.29"]
[EventType "swiss"]
[EventRounds "9"]
[EventCountry "ESP"]
[Source "lmi"]
[SourceDate "2007.07.29"]

1. e4 d6 2. d4 g6 3. Nc3 Bg7 4. Be3 Nf6 5. Qd3 O-O 6. f3 c6 7. g4 e5 8. O-O-O
Qc7 9. h4 h5 10. g5 Nfd7 11. dxe5 dxe5 12. Qd6 Qxd6 13. Rxd6 Nb6 14. Rh2 Be6
15. b3 Re8 16. Rd1 N8d7 17. Bh3 Nf8 18. Rhd2 Bxh3 19. Nxh3 Ne6 20. Ne2 Red8 21.
a4 Rxd2 22. Rxd2 Rd8 23. Rxd8+ Nxd8 24. Kd2 Kf8 25. Nf2 Ke7 26. Nd3 Nc8 27.
Nec1 b6 28. b4 Ne6 29. b5 c5 30. Ne2 Nd6 31. Nc3 Nc7 32. Nb2 f6 33. Ke2 fxg5
34. hxg5 Ke6 35. Kf2 1/2-1/2

[Event "España ch sub-18 2007"]
[Site "Granada ESP"]
[Date "2007.08.02"]
[Round "7.30"]
[White "Fernandez Garcia, Jose Miguel"]
[Black "Ladron De Guevara Pinto, Paolo"]
[Result "0-1"]
[WhiteElo "2036"]
[BlackElo "1780"]
[PlyCount "62"]
[EventDate "2007.07.29"]
[EventType "swiss"]
[EventRounds "9"]
[EventCountry "ESP"]
[Source "lmi"]
[SourceDate "2007.07.29"]

1. e4 e6 2. d4 d5 3. Nc3 Bb4 4. exd5 exd5 5. Bd3 Ne7 6. Qh5 Be6 7. Nge2 Nbc6 8.
a3 Ba5 9. Be3 Qd7 10. O-O O-O-O 11. Na4 Bb6 12. b3 h6 13. h3 g5 14. c4 dxc4 15.
Nxb6+ axb6 16. bxc4 Ne5 17. dxe5 Qxd3 18. Rac1 Nf5 19. Rc3 Qe4 20. Rfc1 Nh4 21.
Nf4 Rhg8 22. f3 Nxf3+ 23. gxf3 gxf4+ 24. Kh2 Qh7 25. Bxf4 Qg7 26. R3c2 Rd4 27.
Qh4 Rxc4 28. Qg3 Rxc2+ 29. Rxc2 Qh7 30. Qf2 Qf5 31. Qh4 Qxc2+ 0-1

[Event "España ch sub-18 2007"]
[Site "Granada ESP"]
[Date "2007.08.02"]
[Round "7.15"]
[White "Aranaz Murillo, Amalia"]
[Black "Garcia-Ortega Mendez, Jose Manuel"]
[Result "0-1"]
[WhiteElo "1706"]
[BlackElo "2151"]
[PlyCount "86"]
[EventDate "2007.07.29"]
[EventType "swiss"]
[EventRounds "9"]
[EventCountry "ESP"]
[Source "lmi"]
[SourceDate "2007.07.29"]

1. Nf3 Nf6 2. c4 e6 3. Nc3 c5 4. d4 cxd4 5. Nxd4 a6 6. a3 d5 7. e3 Be7 8. cxd5
Nxd5 9. Be2 Nxc3 10. bxc3 e5 11. Nf3 Qc7 12. Bb2 O-O 13. O-O Be6 14. Qa4 Nd7
15. c4 f6 16. Rfc1 Nc5 17. Qc2 Rfd8 18. Nd2 Bf7 19. Bc3 Bg6 20. Qb2 Rd7 21. a4
Rad8 22. Nb3 Nd3 23. Bxd3 Rxd3 24. Nd2 Qd7 25. Nf1 Qc6 26. Ba5 R8d7 27. Qb6
Qxb6 28. Bxb6 Be4 29. f3 Bc6 30. a5 f5 31. Kf2 g5 32. h3 Kf7 33. Ke2 e4 34.
fxe4 Bxe4 35. g4 Bf6 36. Ra2 Be5 37. Rd2 Rxd2+ 38. Nxd2 Bd3+ 39. Ke1 Bb2 40.
Rd1 Bc2 41. gxf5 Bc3 42. Bd4 Bxd4 43. exd4 Re7+ 0-1

[Event "España ch sub-18 2007"]
[Site "Granada ESP"]
[Date "2007.08.02"]
[Round "7.16"]
[White "De Nacimiento Montaño, Angel"]
[Black "Guetas Sanchez, Hugo"]
[Result "1-0"]
[WhiteElo "1999"]
[BlackElo "2161"]
[PlyCount "53"]
[EventDate "2007.07.29"]
[EventType "swiss"]
[EventRounds "9"]
[EventCountry "ESP"]
[Source "lmi"]
[SourceDate "2007.07.29"]

1. e4 d5 2. exd5 Nf6 3. Bb5+ Bd7 4. Bc4 Bg4 5. f3 Bc8 6. Nc3 Nbd7 7. Qe2 Nb6 8.
Qd3 g6 9. Bb3 Bg7 10. a4 O-O 11. a5 Bf5 12. Qb5 a6 13. Qc5 Nbd7 14. Qf2 h5 15.
Nge2 b6 16. d4 Nb8 17. O-O Bc8 18. Nf4 Bb7 19. d6 Qxd6 20. Nxg6 Rd8 21. Ne5 e6
22. Be3 Nfd7 23. Ne4 Qe7 24. Qg3 f6 25. Ng6 Qe8 26. Nf4 Nf8 27. Nxf6+ 1-0

[Event "España ch sub-18 2007"]
[Site "Granada ESP"]
[Date "2007.08.02"]
[Round "7.21"]
[White "Blanco Villalba, Jose Francisco"]
[Black "Herrera Delgado, Alejandro"]
[Result "0-1"]
[WhiteElo "2024"]
[BlackElo "2150"]
[PlyCount "64"]
[EventDate "2007.07.29"]
[EventType "swiss"]
[EventRounds "9"]
[EventCountry "ESP"]
[Source "lmi"]
[SourceDate "2007.07.29"]

1. Nf3 d5 2. c4 d4 3. e4 Nc6 4. d3 e5 5. Be2 Bb4+ 6. Nbd2 a5 7. a3 Be7 8. O-O
a4 9. Ne1 Nf6 10. Kh1 Nd7 11. f4 exf4 12. Rxf4 O-O 13. Nc2 Nc5 14. Qf1 Bg5 15.
Rf2 Ne5 16. Nf3 Nxf3 17. Rxf3 Nb3 18. Bxg5 Qxg5 19. Rd1 Nd2 20. Rf5 Bxf5 21.
Qxf5 Qxf5 22. exf5 Nb3 23. Bf3 c6 24. Kg1 Rfe8 25. Kf2 Re5 26. Be4 Rae8 27. g4
g6 28. Kf3 Nc5 29. Nxd4 Nxe4 30. dxe4 Rxe4 31. h3 Re3+ 32. Kg2 Rd8 0-1

[Event "España ch sub-18 2007"]
[Site "Granada ESP"]
[Date "2007.08.02"]
[Round "7.28"]
[White "Damaso Tacoronte, Carolina"]
[Black "Fidalgo Fernandez, Lucia"]
[Result "0-1"]
[WhiteElo "1930"]
[BlackElo "2068"]
[PlyCount "80"]
[EventDate "2007.07.29"]
[EventType "swiss"]
[EventRounds "9"]
[EventCountry "ESP"]
[Source "lmi"]
[SourceDate "2007.07.29"]

1. e4 c5 2. Nf3 e6 3. d4 cxd4 4. Nxd4 Nf6 5. Nc3 Nc6 6. Ndb5 Bb4 7. a3 Bxc3+ 8.
Nxc3 d5 9. exd5 exd5 10. Bd3 O-O 11. O-O d4 12. Ne2 Bg4 13. Bg5 Qd6 14. Qd2 h6
15. Bh4 Nd5 16. Bg3 Qc5 17. h3 Bh5 18. Nf4 Nxf4 19. Bxf4 Bg6 20. Rfe1 Rac8 21.
Re2 a5 22. Rae1 a4 23. Bxg6 fxg6 24. Re6 Qf5 25. Bd6 Rfd8 26. Qe2 Na7 27. g4
Qxc2 28. Qf3 Nc6 29. R1e2 Qb1+ 30. Re1 Qc2 31. R1e2 Qc1+ 32. Re1 Qg5 33. Be7
Qd5 34. Qd3 Re8 35. Qxg6 Qd7 36. Bg5 Rxe6 37. Rxe6 hxg5 38. Rd6 Qe7 39. Re6 Qf7
40. Qe4 Rf8 0-1

[Event "España ch sub-18 2007"]
[Site "Granada ESP"]
[Date "2007.08.02"]
[Round "7.29"]
[White "Rodriguez Crespo, Eduardo"]
[Black "Ladron De Guevara Pinto, Miguel"]
[Result "0-1"]
[WhiteElo "1919"]
[BlackElo "2052"]
[PlyCount "102"]
[EventDate "2007.07.29"]
[EventType "swiss"]
[EventRounds "9"]
[EventCountry "ESP"]
[Source "lmi"]
[SourceDate "2007.07.29"]

1. e4 c5 2. Nf3 e6 3. Be2 Nc6 4. O-O Qc7 5. d4 cxd4 6. Nxd4 Nf6 7. Nc3 a6 8.
Be3 b5 9. a3 Bb7 10. f4 Bc5 11. Qd3 Qb6 12. Rad1 d5 13. exd5 Nxd4 14. Bxd4 Nxd5
15. Nxd5 Bxd5 16. Qe3 Bxd4 17. Qxd4 Qxd4+ 18. Rxd4 Ke7 19. Bf3 Bxf3 20. Rxf3
Rac8 21. c3 Rhd8 22. Rfd3 Rxd4 23. Rxd4 f6 24. Kf2 e5 25. fxe5 fxe5 26. Re4 Ke6
27. Ke3 Kd5 28. Kd3 Rf8 29. c4+ bxc4+ 30. Rxc4 Rf2 31. Rc2 e4+ 32. Kc3 e3 33.
Kd3 Rxc2 34. Kxc2 Kc4 35. h4 e2 36. b3+ Kd4 37. Kd2 e1=Q+ 38. Kxe1 Kc3 39. Ke2
Kxb3 40. Kd3 Kxa3 41. Kc4 h5 42. Kd5 a5 43. Ke5 a4 44. Kf5 Kb4 45. Kg6 a3 46.
Kxg7 a2 47. Kg6 a1=Q 48. Kxh5 Qh8+ 49. Kg5 Qg7+ 50. Kh5 Qxg2 51. Kh6 Qg8 0-1

[Event "España ch sub-18 2007"]
[Site "Granada ESP"]
[Date "2007.08.02"]
[Round "7.23"]
[White "Riera Morilla, Elizabeth"]
[Black "Castellano Egea, Einar"]
[Result "1/2-1/2"]
[WhiteElo "1952"]
[BlackElo "2119"]
[PlyCount "113"]
[EventDate "2007.07.29"]
[EventType "swiss"]
[EventRounds "9"]
[EventCountry "ESP"]
[Source "lmi"]
[SourceDate "2007.07.29"]

1. e4 c5 2. Nf3 Nc6 3. d4 cxd4 4. Nxd4 d5 5. Nxc6 bxc6 6. exd5 Qxd5 7. Nc3
Qxd1+ 8. Nxd1 e5 9. Bc4 Bf5 10. Ne3 Bg6 11. O-O Bc5 12. Bb3 Ne7 13. Nc4 f6 14.
Be3 Bxe3 15. Nxe3 Bf7 16. Rad1 Bxb3 17. axb3 Rd8 18. Rxd8+ Kxd8 19. Ra1 Nc8 20.
Nf5 g6 21. Nh6 Ke7 22. Ng4 Rf8 23. Kf1 h5 24. Ne3 Rd8 25. Rd1 Rxd1+ 26. Nxd1
Nb6 27. Ne3 Nd5 28. Nc4 Nb4 29. c3 Nd3 30. b4 Nf4 31. g3 Nd5 32. Ke2 Nb6 33.
Nd2 f5 34. Nf3 Kd6 35. Nh4 Na4 36. Nxg6 Nxb2 37. Nh4 Ke6 38. Ng2 Nc4 39. Ne1
Nd6 40. Nd3 Kd5 41. f4 exf4 42. Nxf4+ Kc4 43. Nxh5 Kxc3 44. Nf4 Kxb4 45. h4 a5
46. Nd3+ Kb3 47. Ne5 a4 48. h5 a3 49. h6 a2 50. h7 a1=Q 51. h8=Q Qb2+ 52. Kf3
Qc3+ 53. Kg2 Kc2 54. Qf6 Qxg3+ 55. Kxg3 Ne4+ 56. Kf4 Nxf6 57. Nxc6 1/2-1/2

[Event "España ch sub-18 2007"]
[Site "Granada ESP"]
[Date "2007.08.02"]
[Round "7.17"]
[White "Martinez Rodriguez, Pablo"]
[Black "Martin Alvarez, Iñigo"]
[Result "0-1"]
[WhiteElo "1942"]
[BlackElo "2154"]
[PlyCount "84"]
[EventDate "2007.07.29"]
[EventType "swiss"]
[EventRounds "9"]
[EventCountry "ESP"]
[Source "lmi"]
[SourceDate "2007.07.29"]

1. d4 Nf6 2. f3 d5 3. e4 e6 4. e5 Nfd7 5. f4 c5 6. c3 Nc6 7. Nf3 Qb6 8. Be2 Be7
9. O-O O-O 10. Kh1 f6 11. Na3 a6 12. Nc2 Qc7 13. Be3 b5 14. Nce1 c4 15. Qc2 Rb8
16. exf6 Nxf6 17. Ne5 b4 18. N1f3 a5 19. Nxc6 Qxc6 20. Ne5 Qb6 21. g4 bxc3 22.
bxc3 Qb2 23. Rfc1 Qxc2 24. Rxc2 Rb6 25. Rd1 Nd7 26. Rdd2 Nxe5 27. fxe5 Rb1+ 28.
Kg2 Bd7 29. Rb2 Rb8 30. Rxb8+ Rxb8 31. Bd1 a4 32. Bc2 a3 33. Kf2 Bd8 34. Bd1
Ba5 35. Rc2 Ba4 36. Rc1 Rb2+ 37. Kg3 Bxd1 38. Rxd1 Rxa2 39. Rb1 Rb2 40. Ra1 a2
41. Bc1 Rc2 42. Ba3 Rxc3+ 0-1

[Event "España ch sub-18 2007"]
[Site "Granada ESP"]
[Date "2007.08.02"]
[Round "7.19"]
[White "Romero Lopez, Marta"]
[Black "Jimenez Garcia, Alberto"]
[Result "1-0"]
[WhiteElo "2004"]
[BlackElo "1989"]
[PlyCount "87"]
[EventDate "2007.07.29"]
[EventType "swiss"]
[EventRounds "9"]
[EventCountry "ESP"]
[Source "lmi"]
[SourceDate "2007.07.29"]

1. d4 e6 2. Nf3 c5 3. c3 d5 4. Bf4 Nc6 5. e3 Nf6 6. Nbd2 Bd6 7. Bg3 O-O 8. Bd3
Re8 9. Ne5 Bxe5 10. dxe5 Nd7 11. Nf3 f5 12. exf6 Nxf6 13. Ne5 Qe7 14. h4 Nxe5
15. Bxe5 Qf7 16. Bxf6 Qxf6 17. Bxh7+ Kf8 18. Rh3 Ke7 19. Qh5 Qh6 20. Qxh6 gxh6
21. Rg3 Rf8 22. Rd1 b6 23. e4 Bb7 24. exd5 Bxd5 25. b3 Rf7 26. Bg6 Rf4 27. h5
Raf8 28. f3 b5 29. Ke2 Rh4 30. Ke3 Rg8 31. Kf2 a5 32. Bh7 Rxg3 33. Kxg3 Rxh5
34. f4 Bc6 35. c4 bxc4 36. bxc4 Be8 37. Rb1 Kf6 38. Rb8 Bf7 39. Bg8 e5 40. Kg4
exf4 41. Bxf7 Rg5+ 42. Kxf4 Kxf7 43. g3 Rg8 44. Rxg8 1-0

[Event "España ch sub-18 2007"]
[Site "Granada ESP"]
[Date "2007.08.02"]
[Round "7.22"]
[White "De Nacimiento Montaño, Antonio"]
[Black "Maura Mundo, Alejandro"]
[Result "0-1"]
[WhiteElo "1992"]
[BlackElo "2133"]
[PlyCount "72"]
[EventDate "2007.07.29"]
[EventType "swiss"]
[EventRounds "9"]
[EventCountry "ESP"]
[Source "lmi"]
[SourceDate "2007.07.29"]

1. c4 Nf6 2. Nc3 g6 3. g3 Bg7 4. Bg2 O-O 5. e3 d6 6. Nge2 e5 7. O-O Nbd7 8. d4
Re8 9. Qc2 a5 10. b3 c6 11. Bb2 Qe7 12. e4 exd4 13. Nxd4 Nc5 14. h3 Bd7 15.
Rad1 Rad8 16. Rfe1 Bc8 17. Ba3 Qc7 18. Kh2 h5 19. f4 Ne6 20. Nf3 Nh7 21. Rd2 b6
22. e5 dxe5 23. Nxe5 Bb7 24. Rxd8 Rxd8 25. Nxg6 Nd4 26. Ne7+ Kh8 27. Qb1 h4 28.
Ne2 hxg3+ 29. Nxg3 Qxf4 30. Qe4 Qxe4 31. Rxe4 c5 32. Rf4 Bxg2 33. Kxg2 Nc2 34.
Bc1 Rd1 35. Rf1 Ne1+ 36. Kf2 Nd3+ 0-1

[Event "España ch sub-18 2007"]
[Site "Granada ESP"]
[Date "2007.08.02"]
[Round "7.26"]
[White "Pardo Simon, David"]
[Black "Tirapo Larcuen, Ana"]
[Result "0-1"]
[WhiteElo "2080"]
[BlackElo "1900"]
[PlyCount "106"]
[EventDate "2007.07.29"]
[EventType "swiss"]
[EventRounds "9"]
[EventCountry "ESP"]
[Source "lmi"]
[SourceDate "2007.07.29"]

1. b3 Nf6 2. Bb2 d6 3. e3 e5 4. Nf3 Nbd7 5. d4 e4 6. Nfd2 d5 7. c4 c6 8. Be2
Be7 9. Ba3 Bxa3 10. Nxa3 Qe7 11. Nab1 O-O 12. Nc3 a6 13. c5 Ne8 14. b4 f5 15.
g3 Nc7 16. Nb3 g5 17. Qd2 Qf6 18. h4 g4 19. O-O b6 20. cxb6 Nxb6 21. Na5 Qd6
22. a3 Nb5 23. Rfc1 Bd7 24. Qd1 Rab8 25. Na4 Nxa4 26. Qxa4 f4 27. exf4 Nxd4 28.
Qd1 Nf3+ 29. Bxf3 gxf3 30. Nb3 Rxf4 31. gxf4 Qg6+ 32. Kf1 Bh3+ 33. Ke1 Qg1+ 34.
Kd2 Qxf2+ 35. Kc3 Qe3+ 36. Kb2 f2 37. Qc2 Qxf4 38. Qe2 e3 39. Rd1 Qe5+ 40. Ka2
Rf8 41. Nc5 d4 42. Nd3 Qe6+ 43. Kb2 Bg4 44. Rg1 fxg1=Q 45. Rxg1 h5 46. Rg2 Kh8
47. Qc2 e2 48. Qd2 Rf1 49. Ne1 Qf6 50. Rg3 d3+ 51. Kb1 Rxe1+ 52. Qxe1 Qf1 53.
Rg1 Qxe1+ 0-1

[Event "España ch sub-18 2007"]
[Site "Granada ESP"]
[Date "2007.08.03"]
[Round "8.1"]
[White "Valmaña Canto, Jaime"]
[Black "Llorente Zaro, Alfonso"]
[Result "1/2-1/2"]
[WhiteElo "2346"]
[BlackElo "2422"]
[PlyCount "55"]
[EventDate "2007.07.29"]
[EventType "swiss"]
[EventRounds "9"]
[EventCountry "ESP"]
[Source "lmi"]
[SourceDate "2007.07.29"]

1. e4 c5 2. Nc3 Nc6 3. Bb5 Nd4 4. Bc4 e6 5. Nf3 Nxf3+ 6. Qxf3 Ne7 7. O-O Nc6 8.
d3 a6 9. a4 d6 10. Be3 Be7 11. Qg3 O-O 12. f4 f5 13. Ba2 Nb4 14. Bb3 d5 15.
exd5 exd5 16. Qf2 Qd6 17. a5 Be6 18. Na4 d4 19. Bxe6+ Qxe6 20. Bc1 Rae8 21. b3
Nd5 22. Ba3 Ne3 23. Rfe1 g5 24. fxg5 Qc6 25. c3 f4 26. cxd4 Bxg5 27. Bxc5 Rf6
28. Qf3 1/2-1/2

[Event "España ch sub-18 2007"]
[Site "Granada ESP"]
[Date "2007.08.03"]
[Round "8.2"]
[White "Camacho Collados, Marcos"]
[Black "Vila Gazquez, Xavier"]
[Result "1/2-1/2"]
[WhiteElo "2239"]
[BlackElo "2429"]
[PlyCount "82"]
[EventDate "2007.07.29"]
[EventType "swiss"]
[EventRounds "9"]
[EventCountry "ESP"]
[Source "lmi"]
[SourceDate "2007.07.29"]

1. e4 c5 2. Nf3 Nc6 3. d4 cxd4 4. Nxd4 Qc7 5. Nc3 e6 6. Be3 a6 7. Be2 Nf6 8. a3
b5 9. Nxc6 dxc6 10. f4 e5 11. fxe5 Nd7 12. e6 fxe6 13. Qd2 Be7 14. O-O-O O-O
15. Bg5 Nf6 16. Rhf1 e5 17. Bxf6 Bxf6 18. Qd6 Ra7 19. Qxc7 Rxc7 20. Kb1 g6 21.
Na2 Be7 22. Rxf8+ Kxf8 23. Nc1 Kf7 24. Nd3 Bd6 25. Nf2 Ke7 26. h4 Be6 27. h5
gxh5 28. Bxh5 Rc8 29. Bg4 Rg8 30. Bxe6 Kxe6 31. Rh1 Rxg2 32. Rh6+ Rg6 33. Rxh7
Rg1+ 34. Ka2 Rg2 35. Rh6+ Kd7 36. Rh7+ Kd8 37. Rf7 Bc5 38. Nd3 Bd4 39. Kb1 Rg1+
40. Ka2 Rg2 41. Kb1 Rg1+ 1/2-1/2

[Event "España ch sub-18 2007"]
[Site "Granada ESP"]
[Date "2007.08.03"]
[Round "8.3"]
[White "Huerga Leache, Mikel"]
[Black "Aloma Vidal, Robert"]
[Result "1-0"]
[WhiteElo "2370"]
[BlackElo "2341"]
[PlyCount "89"]
[EventDate "2007.07.29"]
[EventType "swiss"]
[EventRounds "9"]
[EventCountry "ESP"]
[Source "lmi"]
[SourceDate "2007.07.29"]

1. e4 c5 2. Nf3 d6 3. d4 Nf6 4. Nc3 cxd4 5. Nxd4 g6 6. Be3 Bg7 7. f3 O-O 8. Qd2
Nc6 9. O-O-O d5 10. h4 dxe4 11. h5 Nxd4 12. Bxd4 e5 13. h6 Bh8 14. Bc5 Qxd2+
15. Rxd2 e3 16. Rd1 Be6 17. Bxf8 Kxf8 18. Ne4 Nxe4 19. fxe4 Bf6 20. Be2 Bg5 21.
b3 Ke7 22. Kb2 Rf8 23. g4 Bf4 24. Rd3 Bd7 25. Bf3 Bc6 26. Rg1 f6 27. c4 Rf7 28.
b4 a6 29. Rb3 Bxh6 30. b5 axb5 31. cxb5 Bd7 32. a4 f5 33. g5 fxe4 34. Be2 Rf2
35. Rxe3 Bf8 36. Rc1 Ke6 37. Rc2 Rf4 38. a5 Bb4 39. a6 b6 40. a7 Rf8 41. Rxe4
Bc5 42. Ra4 Bd4+ 43. Rxd4 exd4 44. Bf3 d3 45. Rh2 1-0

[Event "España ch sub-18 2007"]
[Site "Granada ESP"]
[Date "2007.08.03"]
[Round "8.4"]
[White "Lariño Nieto, David"]
[Black "Fernandez Borrego, Pablo"]
[Result "1-0"]
[WhiteElo "2435"]
[BlackElo "2200"]
[PlyCount "159"]
[EventDate "2007.07.29"]
[EventType "swiss"]
[EventRounds "9"]
[EventCountry "ESP"]
[Source "lmi"]
[SourceDate "2007.07.29"]

1. e4 e6 2. d3 d5 3. Nd2 Nc6 4. Ngf3 Be7 5. c3 e5 6. Qa4 dxe4 7. dxe4 Bf6 8. b4
Bd7 9. b5 Nce7 10. Qb3 Be6 11. Bc4 Bxc4 12. Nxc4 Qd3 13. Be3 Qxe4 14. O-O Ng6
15. Qa4 Kf8 16. Rfe1 N8e7 17. Rad1 Kg8 18. Bd4 Qg4 19. Ncxe5 Nxe5 20. Nxe5 Bxe5
21. Rxe5 Ng6 22. f3 Qc8 23. Re4 h6 24. Qc4 c6 25. bxc6 Qxc6 26. Qxc6 bxc6 27.
Bc5 Kh7 28. Rd7 f5 29. Rb4 Ne5 30. Re7 Ng6 31. Rc7 Rhc8 32. Rbb7 Rxc7 33. Rxc7
Nf4 34. Bd6 Nd3 35. h4 Re8 36. Rxa7 Re6 37. Rd7 Re2 38. Bf8 Nf4 39. Rxg7+ Kh8
40. Rc7 Rxg2+ 41. Kf1 Rxa2 42. Rxc6 h5 43. Rh6+ Kg8 44. Bd6 Ra1+ 45. Kf2 Ra2+
46. Ke3 Ng2+ 47. Kd3 Ra6 48. Rg6+ Kf7 49. Rxg2 Rxd6+ 50. Ke3 Rc6 51. Kd4 Rd6+
52. Kc4 Rc6+ 53. Kb4 Rb6+ 54. Kc5 Rb3 55. Kd4 Kf6 56. Rg5 Rb1 57. Rxh5 Rf1 58.
Ke3 Rc1 59. Kf4 Rxc3 60. Rxf5+ Kg6 61. h5+ Kh6 62. Kg4 Rc1 63. Rf6+ Kh7 64. f4
Rg1+ 65. Kf5 Rh1 66. h6 Re1 67. Ra6 Rf1 68. Re6 Rg1 69. Ke5 Re1+ 70. Kf6 Rf1
71. f5 Kxh6 72. Ke7+ Kg7 73. f6+ Kh7 74. Kf8 Ra1 75. f7 Ra8+ 76. Re8 Ra7 77.
Rd8 Ra1 78. Ke8 Re1+ 79. Kd7 Rd1+ 80. Kc7 1-0

[Event "España ch sub-18 2007"]
[Site "Granada ESP"]
[Date "2007.08.03"]
[Round "8.5"]
[White "Gonzalez Merino, Alberto"]
[Black "Hernandez Leon, Alberto"]
[Result "1-0"]
[WhiteElo "2172"]
[BlackElo "2275"]
[PlyCount "83"]
[EventDate "2007.07.29"]
[EventType "swiss"]
[EventRounds "9"]
[EventCountry "ESP"]
[Source "lmi"]
[SourceDate "2007.07.29"]

1. d4 c5 2. d5 g6 3. e4 Bg7 4. Nf3 d6 5. Be2 Nf6 6. Nc3 O-O 7. O-O e6 8. Nd2
exd5 9. exd5 Nbd7 10. Nc4 Nb6 11. Ne3 Ne8 12. a4 Bd7 13. a5 Nc8 14. Nc4 Rb8 15.
Re1 b5 16. axb6 axb6 17. Na3 Nc7 18. Nab5 Nxb5 19. Nxb5 Re8 20. c3 Be5 21. Ra4
Qe7 22. Bd2 f5 23. Bf1 Qf7 24. g3 Kg7 25. Qf3 Ne7 26. Ra7 Red8 27. Bc4 Kh8 28.
Bg5 h6 29. Bxh6 Bxb5 30. Bxb5 Qxd5 31. Qxd5 Nxd5 32. f4 Bf6 33. Bc6 Ne7 34.
Rexe7 Bxe7 35. Rxe7 d5 36. Bg7+ Kg8 37. Bd7 Rxd7 38. Rxd7 Ra8 39. Be5 Ra1+ 40.
Kg2 Ra2 41. Rxd5 Rxb2+ 42. Kh3 1-0

[Event "España ch sub-18 2007"]
[Site "Granada ESP"]
[Date "2007.08.03"]
[Round "8.6"]
[White "Rodriguez Perez, David Antonio"]
[Black "Mestre Bellido, Hector"]
[Result "0-1"]
[WhiteElo "2018"]
[BlackElo "2269"]
[PlyCount "106"]
[EventDate "2007.07.29"]
[EventType "swiss"]
[EventRounds "9"]
[EventCountry "ESP"]
[Source "lmi"]
[SourceDate "2007.07.29"]

1. e4 e5 2. Nf3 Nc6 3. Bb5 a6 4. Ba4 Nf6 5. O-O b5 6. Bb3 Bb7 7. c3 Nxe4 8. Re1
d5 9. d3 Nc5 10. Nxe5 Nxe5 11. Rxe5+ Ne6 12. d4 Bd6 13. Re3 O-O 14. Bc2 Re8 15.
Nd2 Ng5 16. Nf1 Qf6 17. Qd3 g6 18. Qe2 Red8 19. h4 Ne6 20. g3 c5 21. Nh2 h5 22.
Rf3 Qg7 23. Bg5 Nxg5 24. hxg5 Re8 25. Re3 Bc6 26. Nf3 Rxe3 27. Qxe3 Re8 28. Qd2
Qf8 29. Re1 Rxe1+ 30. Qxe1 c4 31. Ne5 Qe7 32. Qe3 Bb7 33. Qf4 Bc7 34. Qe3 Bc8
35. Bd1 Bf5 36. Bf3 Qe6 37. Qe2 Bd8 38. g4 hxg4 39. Bxg4 Bxg4 40. Qxg4 Qxg4+
41. Nxg4 Bxg5 42. f4 Bxf4 43. Nf6+ Kg7 44. Nxd5 Bd6 45. b3 cxb3 46. axb3 a5 47.
c4 bxc4 48. bxc4 a4 49. c5 a3 50. Nc3 Bc7 51. Kf2 Ba5 52. Na2 Kf6 53. Kf3 Ke6
0-1

[Event "España ch sub-18 2007"]
[Site "Granada ESP"]
[Date "2007.08.03"]
[Round "8.7"]
[White "Remoli Sargues, Francisco"]
[Black "Alarcia Astiz, Carlos"]
[Result "1/2-1/2"]
[WhiteElo "2267"]
[BlackElo "2173"]
[PlyCount "74"]
[EventDate "2007.07.29"]
[EventType "swiss"]
[EventRounds "9"]
[EventCountry "ESP"]
[Source "lmi"]
[SourceDate "2007.07.29"]

1. e4 c6 2. d4 d5 3. Nc3 dxe4 4. Nxe4 Bf5 5. Ng3 Bg6 6. h4 h6 7. Nf3 Nd7 8. h5
Bh7 9. Bd3 Bxd3 10. Qxd3 e6 11. Bf4 Qa5+ 12. Bd2 Qc7 13. O-O-O O-O-O 14. Kb1
Ngf6 15. c4 c5 16. Qe2 Kb8 17. Bc3 cxd4 18. Nxd4 a6 19. Nb3 Bd6 20. Ne4 Nxe4
21. Qxe4 Nf6 22. Qe2 Qc6 23. f3 Bc7 24. Nd4 Qb6 25. b4 Bd6 26. Qb2 Qc7 27. Qb3
Ka8 28. g4 Rc8 29. c5 Be5 30. Rhe1 Nd5 31. Bb2 Bf6 32. Ne2 Rhd8 33. Bxf6 Nxf6
34. Nc3 Rxd1+ 35. Rxd1 Rd8 36. a3 Kb8 37. Qc2 Rd7 1/2-1/2

[Event "España ch sub-18 2007"]
[Site "Granada ESP"]
[Date "2007.08.03"]
[Round "8.8"]
[White "Dominguez Pons, Eric"]
[Black "Serrano Bozada, Esteban"]
[Result "1-0"]
[WhiteElo "2221"]
[BlackElo "2160"]
[PlyCount "144"]
[EventDate "2007.07.29"]
[EventType "swiss"]
[EventRounds "9"]
[EventCountry "ESP"]
[Source "lmi"]
[SourceDate "2007.07.29"]

1. e4 e6 2. d4 d5 3. Nd2 Nf6 4. e5 Nfd7 5. Bd3 c5 6. c3 Nc6 7. Ne2 cxd4 8. cxd4
f6 9. exf6 Nxf6 10. O-O Bd6 11. Nf3 Qc7 12. Bg5 O-O 13. Bh4 Nh5 14. Qc2 h6 15.
Bh7+ Kh8 16. Bg6 Rxf3 17. Bxh5 Rf8 18. Bg3 Bd7 19. Rad1 Bxg3 20. hxg3 Rf6 21.
Rfe1 Qb6 22. Qd2 Raf8 23. Nf4 Ne7 24. Bf3 Nf5 25. Re5 Be8 26. Bg4 g5 27. Nxe6
Rxe6 28. Rxf5 Rxf5 29. Bxf5 Re7 30. Re1 Rxe1+ 31. Qxe1 Bf7 32. Qe5+ Kg8 33. b3
a5 34. Kh2 Qd8 35. f3 Qb6 36. Kh3 Qd8 37. Be6 h5 38. Bxf7+ Kxf7 39. Qf5+ Kg7
40. f4 gxf4 41. gxf4 Kh6 42. g3 b6 43. a4 Qe7 44. Qxd5 Qe2 45. Qg5+ Kh7 46.
Qf5+ Kh6 47. Qf6+ Kh7 48. Qe5 Qg4+ 49. Kg2 Qd1 50. Qe7+ Kh6 51. Qe6+ Kg7 52.
Qe5+ Kh6 53. Qe3 Qc2+ 54. Kf3 Qc6+ 55. Ke2 Qc2+ 56. Qd2 Qxb3 57. d5 Qxg3 58. d6
Qg2+ 59. Ke3 Qh3+ 60. Ke2 Qg2+ 61. Kd1 Qf1+ 62. Kc2 Qc4+ 63. Kb2 Qxa4 64. Qd5
Qb4+ 65. Kc2 Qa4+ 66. Kd3 Qd1+ 67. Ke4 Qe2+ 68. Kd4 Qb2+ 69. Ke3 Qc3+ 70. Ke4
Qc2+ 71. Ke5 Qe2+ 72. Kf6 Qe8 1-0